[Event "POL-chT 2nd League"]
[Site "Jastrzebia Gora"]
[Date "2018.09.03"]
[Round "4.3"]
[White "Pastuszko, Kinga"]
[Black "Dabrowska, Krystyna"]
[Result "1/2-1/2"]
[WhiteElo "1987"]
[BlackElo "2201"]
[PlyCount "90"]
[EventDate "2018.09.01"]
[EventType "team-swiss"]
[EventRounds "9"]
[EventCountry "POL"]
[SourceTitle "CBM 186 Extra"]
[Source "ChessBase"]
[SourceDate "2018.08.24"]
[SourceVersion "1"]
[SourceVersionDate "2018.08.24"]
[SourceQuality "1"]
[WhiteTeam "Konin UKS Smecz"]
[BlackTeam "Ostroda Ostrodzianka"]
[WhiteTeamCountry "POL"]
[BlackTeamCountry "POL"]

1. e4 e5 2. Nf3 d6 3. d4 exd4 4. Nxd4 g6 5. Nc3 Bg7 6. Be3 Nf6 7. Qd2 0-0 8. 0-0-0 Nc6 9. f3 Nxd4 10. Bxd4 Be6 11. g4 c5 12. Be3 Qa5 13. a3 Rfd8 14. Bg5 Rd7 15. Bb5 Rc7 16. Be2 a6 17. Nd5 Qxd2+ 18. Rxd2 Bxd5 19. Bxf6 Bxf6 20. Rxd5 Be5 21. c3 b5 22. Kc2 Rb8 23. b3 a5 24. a4 bxa4 25. bxa4 c4 26. Rb5 Ra8 27. h3 Kg7 28. Rd1 f5 29. exf5 gxf5 30. Rdd5 fxg4 31. hxg4 Re8 32. Rxa5 Bxc3 33. Rg5+ Kf7 34. Kxc3 Rxe2 35. Raf5+ Ke6 36. Rh5 Re3+ 37. Kc2 Re5 38. Rxe5+ dxe5 39. a5 Ra7 40. a6 Kd5 41. Rh6 Kd4 42. Rd6+ Ke3 43. Rf6 Kd4 44. Rd6+ Ke3 45. Rf6 Kd4 1/2-1/2

[Event "POL-chT 2nd League"]
[Site "Jastrzebia Gora"]
[Date "2018.09.02"]
[Round "3.3"]
[White "Dabrowska, Krystyna"]
[Black "Marcinczyk, Monika"]
[Result "1-0"]
[WhiteElo "2201"]
[BlackElo "1865"]
[PlyCount "87"]
[EventDate "2018.09.01"]
[EventType "team-swiss"]
[EventRounds "9"]
[EventCountry "POL"]
[SourceTitle "CBM 186 Extra"]
[Source "ChessBase"]
[SourceDate "2018.08.24"]
[SourceVersion "1"]
[SourceVersionDate "2018.08.24"]
[SourceQuality "1"]
[WhiteTeam "Ostroda Ostrodzianka"]
[BlackTeam "Chylice Laura"]
[WhiteTeamCountry "POL"]
[BlackTeamCountry "POL"]

1. e4 c5 2. Nf3 Nc6 3. d4 cxd4 4. Nxd4 g6 5. Nc3 Bg7 6. Nde2 Nf6 7. g3 0-0 8. Bg2 d6 9. 0-0 Rb8 10. a4 a6 11. h3 b5 12. axb5 axb5 13. Nf4 b4 14. Nce2 Nd7 15. g4 Nc5 16. Ng3 Ne5 17. Ra2 b3 18. cxb3 Rxb3 19. Be3 Ned7 20. Qc2 Ba6 21. Rd1 Qb8 22. Nd5 Re8 23. Bc1 Bd3 24. Qd2 Ne5 25. Ne3 Bh6 26. Qe1 Bb1 27. Ra3 Ned3 28. Qf1 Nxc1 29. Rxc1 Rxb2 30. e5 Qb4 31. Rac3 Ne4 32. Nxe4 Bxe4 33. Rc4 Bxg2 34. Rxb4 Bxf1 35. Rxb2 Bxh3 36. Rb4 f5 37. exf6 exf6 38. Kh2 Bxe3 39. fxe3 Bxg4 40. Rxg4 Rxe3 41. Rc7 g5 42. Rb4 Kf8 43. Rxh7 Kg8 44. Rd7 1-0

[Event "Warsaw Najdorf Memorial op-A 13th"]
[Site "Warsaw"]
[Date "2015.07.16"]
[Round "7"]
[White "Derakhshani, Dorsa"]
[Black "Dabrowska, Krystyna"]
[Result "0-1"]
[WhiteElo "2280"]
[BlackElo "2208"]
[PlyCount "62"]
[EventDate "2015.07.10"]
[EventType "swiss"]
[EventRounds "9"]
[EventCountry "POL"]
[SourceTitle "CBM 167 Extra"]
[Source "ChessBase"]
[SourceDate "2015.09.14"]
[SourceVersion "1"]
[SourceVersionDate "2015.09.14"]
[SourceQuality "1"]

1. e4 e5 2. Nf3 Nc6 3. d4 exd4 4. Nxd4 g6 5. Be3 Bg7 6. Nc3 d6 7. f4 Nf6 8. Be2 0-0 9. 0-0 Re8 10. Bf3 Bd7 11. g4 Nxg4 12. Bxg4 Bxd4 13. Bxd4 Bxg4 14. Qxg4 Nxd4 15. Qg2 c6 16. f5 d5 17. Rad1 Qb6 18. Kh1 Qxb2 19. Qd2 Nb5 20. Qh6 Qb4 21. f6 Qf8 22. Qxf8+ Kxf8 23. Nxb5 cxb5 24. exd5 Rad8 25. a4 bxa4 26. c4 Re4 27. c5 Rc4 28. c6 bxc6 29. d6 a3 30. Rfe1 a2 31. Rd2 Rf4 0-1

[Event "Warsaw Najdorf Memorial op-A 13th"]
[Site "Warsaw"]
[Date "2015.07.14"]
[Round "5"]
[White "Grabinsky, Vladimir"]
[Black "Dabrowska, Krystyna"]
[Result "1/2-1/2"]
[WhiteElo "2265"]
[BlackElo "2208"]
[PlyCount "134"]
[EventDate "2015.07.10"]
[EventType "swiss"]
[EventRounds "9"]
[EventCountry "POL"]
[SourceTitle "CBM 167 Extra"]
[Source "ChessBase"]
[SourceDate "2015.09.14"]
[SourceVersion "1"]
[SourceVersionDate "2015.09.14"]
[SourceQuality "1"]

1. d4 Nf6 2. c4 e6 3. Nf3 b6 4. a3 c5 5. dxc5 bxc5 6. g3 Bb7 7. Bg2 Be7 8. 0-0 0-0 9. Qc2 Qb6 10. Nc3 d6 11. Rd1 Rd8 12. Bf4 a6 13. Rd2 Nbd7 14. Rad1 e5 15. Bg5 h6 16. Bxf6 Nxf6 17. Nh4 Bxg2 18. Nxg2 Bf8 19. Ne3 Rab8 20. Ne4 Nxe4 21. Qxe4 Qb7 22. Nd5 Qb3 23. h4 Rb7 24. Kg2 Rdb8 25. g4 Qa4 26. Rb1 Rb3 27. g5 Qd7 28. f3 Qe6 29. Kh2 Qg6 30. Qxg6 fxg6 31. Nc7 R8b7 32. Nd5 Rxa3 33. bxa3 Rxb1 34. Rd3 Rb2 35. Re3 Kf7 36. Kg3 Be7 37. f4 exf4+ 38. Kxf4 Bd8 39. Kg4 Rc2 40. Re4 Rc1 41. Rf4+ Ke8 42. Re4+ Kd7 43. Rf4 hxg5 44. hxg5 Rg1+ 45. Kf3 Rxg5 46. Rf7+ Ke8 47. Rxg7 Rf5+ 48. Ke4 Re5+ 49. Kd3 g5 50. e4 Re6 51. Ne3 Rh6 52. Ke2 Rh4 53. Kf3 Rf4+ 54. Kg3 Bf6 55. Ra7 Rxe4 56. Ng4 Bb2 57. Rxa6 Rxc4 58. Rxd6 Rc3+ 59. Kg2 Bxa3 60. Rd5 Bc1 61. Nf6+ Ke7 62. Ne4 Rc2+ 63. Kf3 c4 64. Nxg5 Bxg5 65. Rxg5 Kd6 66. Ke3 Rh2 67. Kd4 Rh4+ 1/2-1/2

[Event "Warsaw Najdorf Memorial op-A 13th"]
[Site "Warsaw"]
[Date "2015.07.12"]
[Round "3"]
[White "Bjornsson, Sigurbjorn"]
[Black "Dabrowska, Krystyna"]
[Result "0-1"]
[WhiteElo "2327"]
[BlackElo "2208"]
[PlyCount "110"]
[EventDate "2015.07.10"]
[EventType "swiss"]
[EventRounds "9"]
[EventCountry "POL"]
[SourceTitle "CBM 167 Extra"]
[Source "ChessBase"]
[SourceDate "2015.09.14"]
[SourceVersion "1"]
[SourceVersionDate "2015.09.14"]
[SourceQuality "1"]

1. e4 e5 2. Nf3 Nc6 3. Bb5 g6 4. d4 exd4 5. Nxd4 Bg7 6. Be3 a6 7. Be2 d6 8. 0-0 Nf6 9. Nc3 0-0 10. f4 Bd7 11. Bf3 Re8 12. Qd2 Qe7 13. Rae1 Rad8 14. h3 Nxd4 15. Bxd4 c5 16. Bf2 Bc6 17. Qc1 Qc7 18. Bh4 Rc8 19. Kh1 b5 20. e5 dxe5 21. Bxf6 Bxf6 22. Nd5 Bxd5 23. Bxd5 exf4 24. Rd1 Re3 25. c4 Kg7 26. Rd2 Rce8 27. Rdf2 g5 28. Rd2 R8e7 29. Bf3 b4 30. Rd5 h6 31. Rdd1 Bd4 32. Qc2 Qe5 33. b3 Qf6 34. Bh5 R7e5 35. Qb1 Qe7 36. Bg4 Bc3 37. Rd7 Qe8 38. Rdd1 Re1 39. Rfxe1 Bxe1 40. Qa1 Bc3 41. Qb1 Bd4 42. Rf1 Re3 43. Bf3 Qe5 44. Bd5 Re2 45. Qd1 Rxa2 46. Qh5 Qe7 47. g3 Ra1 48. Rxa1 Bxa1 49. Qd1 Be5 50. g4 Bd4 51. Qd2 Bf6 52. Kg2 Qe5 53. Kf3 Qa1 54. Qd3 Bd4 55. Qf5 Qf1+ 0-1

[Event "POL-ch (Women)"]
[Site "Brzeg Dolny"]
[Date "2000.07.16"]
[Round "11"]
[White "Krupa, Monika"]
[Black "Dabrowska, Krystyna"]
[Result "1-0"]
[WhiteElo "2264"]
[BlackElo "2243"]
[PlyCount "43"]
[EventDate "2000.07.06"]
[EventType "tourn"]
[EventRounds "11"]
[EventCountry "POL"]
[EventCategory "2"]
[SourceTitle "CBM 077 Extra"]
[Source "ChessBase"]
[SourceDate "2000.09.14"]
[SourceVersion "1"]
[SourceVersionDate "2000.09.14"]
[SourceQuality "1"]

1. c4 Nf6 2. Nc3 e6 3. e4 d5 4. e5 Nfd7 5. d4 dxc4 6. Bxc4 c6 7. Nf3 b5 8. Bb3 Nb6 9. 0-0 Be7 10. Ne4 h6 11. Ne1 Na6 12. Qg4 g6 13. Nd3 Nd5 14. Ndc5 Qb6 15. a4 Nxc5 16. dxc5 Qa5 17. Nd6+ Bxd6 18. exd6 bxa4 19. Qd4 Rh7 20. Bxa4 Qa6 21. Bxh6 Rxh6 22. Qg7 1-0

[Event "POL-ch (Women)"]
[Site "Brzeg Dolny"]
[Date "2000.07.13"]
[Round "8"]
[White "Dabrowska, Krystyna"]
[Black "Jaracz, Barbara"]
[Result "1-0"]
[WhiteElo "2243"]
[BlackElo "2318"]
[PlyCount "67"]
[EventDate "2000.07.06"]
[EventType "tourn"]
[EventRounds "11"]
[EventCountry "POL"]
[EventCategory "2"]
[SourceTitle "CBM 077 Extra"]
[Source "ChessBase"]
[SourceDate "2000.09.14"]
[SourceVersion "1"]
[SourceVersionDate "2000.09.14"]
[SourceQuality "1"]

1. c4 g6 2. g3 Bg7 3. Bg2 Nf6 4. Nc3 0-0 5. e4 c5 6. Nge2 e5 7. 0-0 d6 8. d3 Nc6 9. f4 exf4 10. Bxf4 Ng4 11. Qd2 Be6 12. Rad1 Qd7 13. b3 a6 14. h3 Nge5 15. Kh2 b5 16. Bh6 Nd4 17. Bxg7 Kxg7 18. Nxd4 cxd4 19. Ne2 bxc4 20. dxc4 d3 21. Nf4 Qc7 22. Nxd3 a5 23. Rf2 Qe7 24. Qb2 Kg8 25. Rfd2 Qc7 26. Nf4 Rfd8 27. Qa3 Ra6 28. c5 Bxh3 29. Kxh3 Qc8+ 30. Kh2 Ng4+ 31. Kh1 g5 32. Nd5 Qe6 33. Kg1 Qe5 34. b4 1-0

[Event "POL-chT 2nd div North"]
[Site "Lublin"]
[Date "1999.??.??"]
[Round "3"]
[White "Kukula, Pawel"]
[Black "Dabrowska, Krystyna"]
[Result "1-0"]
[WhiteElo "2195"]
[BlackElo "2260"]
[PlyCount "60"]
[EventDate "1999.09.11"]
[EventType "team-swiss"]
[EventRounds "8"]
[EventCountry "POL"]
[SourceTitle "EXT 2003"]
[Source "ChessBase"]
[SourceDate "2002.11.25"]
[SourceVersion "1"]
[SourceVersionDate "2002.11.25"]
[SourceQuality "1"]
[WhiteTeam "Wisla Nowe"]
[BlackTeam "Podlaskie Tow Szachowe"]
[WhiteTeamCountry "POL"]
[BlackTeamCountry "POL"]

1. e4 e5 2. Nf3 Nc6 3. Bc4 Nf6 4. d3 h6 5. c3 d6 6. h3 g6 7. 0-0 Bg7 8. Re1 0-0 9. Bb3 Nh7 10. Be3 Ng5 11. Nxg5 hxg5 12. Qd2 g4 13. hxg4 Bxg4 14. f3 Bd7 15. Bg5 Qe8 16. Kf2 Na5 17. Rh1 Nxb3 18. axb3 f5 19. Ke1 d5 20. exd5 e4 21. Kd1 exf3 22. gxf3 Qe5 23. Qf4 Qxd5 24. Kc2 Rfe8 25. Nd2 a5 26. Bh6 Bh8 27. Qg3 Ra6 28. Bf4 Bg7 29. Bh6 Rd6 30. f4 Bh8 1-0

[Event "MK Cafe Cup-A"]
[Site "Koszalin"]
[Date "1998.08.11"]
[Round "9"]
[White "Dabrowska, Krystyna"]
[Black "Pieniazek, Artur"]
[Result "0-1"]
[WhiteElo "2300"]
[BlackElo "2400"]
[PlyCount "50"]
[EventDate "1998.08.03"]
[EventType "swiss"]
[EventRounds "10"]
[EventCountry "POL"]
[SourceTitle "CBM 065 Extra"]
[Source "ChessBase"]
[SourceDate "1998.09.09"]
[SourceVersion "1"]
[SourceVersionDate "1998.09.09"]
[SourceQuality "1"]

1. e4 c5 2. Nf3 e6 3. d4 cxd4 4. Nxd4 Nf6 5. Nc3 d6 6. Be2 Be7 7. 0-0 a6 8. f4 Qc7 9. a4 0-0 10. g4 Nc6 11. Kh1 Re8 12. g5 Nd7 13. f5 Nde5 14. f6 Bf8 15. Rf4 Ng6 16. Rf3 Nxd4 17. Qxd4 Bd7 18. Be3 b5 19. axb5 axb5 20. Rxa8 Rxa8 21. Nxb5 Qxc2 22. Bd3 Ra1+ 23. Bg1 Qd2 24. Nxd6 Qxg5 25. Nc4 Bc5 0-1

[Event "MK Cafe Cup-A"]
[Site "Koszalin"]
[Date "1998.08.10"]
[Round "8"]
[White "Kokkila, Tero"]
[Black "Dabrowska, Krystyna"]
[Result "1-0"]
[WhiteElo "2335"]
[BlackElo "2300"]
[PlyCount "59"]
[EventDate "1998.08.03"]
[EventType "swiss"]
[EventRounds "10"]
[EventCountry "POL"]
[SourceTitle "CBM 065 Extra"]
[Source "ChessBase"]
[SourceDate "1998.09.09"]
[SourceVersion "1"]
[SourceVersionDate "1998.09.09"]
[SourceQuality "1"]

1. e4 e5 2. Nf3 Nc6 3. Bb5 g6 4. d4 exd4 5. Bg5 Be7 6. Bxe7 Ngxe7 7. Nxd4 d5 8. Nc3 dxe4 9. Nxe4 0-0 10. Bxc6 Nxc6 11. Nxc6 bxc6 12. 0-0 Bf5 13. Ng3 Be6 14. Qe2 Re8 15. Rfe1 Bd5 16. Qd3 Qh4 17. b3 Red8 18. Qc3 a5 19. a4 Rd6 20. Re3 f5 21. Rae1 Qf6 22. Qc5 f4 23. Ne4 Bxe4 24. Rxe4 f3 25. Qc4+ Qf7 26. gxf3 Qxc4 27. Rxc4 Kf7 28. Re5 Ra6 29. Kg2 Rd1 30. Rf4+ 1-0

[Event "MK Cafe Cup-A"]
[Site "Koszalin"]
[Date "1998.08.08"]
[Round "6"]
[White "Dabrowska, Krystyna"]
[Black "Shetty, Rahul"]
[Result "0-1"]
[WhiteElo "2300"]
[BlackElo "2385"]
[PlyCount "99"]
[EventDate "1998.08.03"]
[EventType "swiss"]
[EventRounds "10"]
[EventCountry "POL"]
[SourceTitle "CBM 065 Extra"]
[Source "ChessBase"]
[SourceDate "1998.09.09"]
[SourceVersion "1"]
[SourceVersionDate "1998.09.09"]
[SourceQuality "1"]

1. e4 c5 2. Nf3 Nc6 3. d4 cxd4 4. Nxd4 Nf6 5. Nc3 d6 6. Be2 e5 7. Nb3 Be7 8. 0-0 0-0 9. f4 a5 10. Be3 a4 11. Nd2 a3 12. Nc4 axb2 13. Rb1 exf4 14. Rxf4 Be6 15. Rxb2 d5 16. exd5 Nxd5 17. Nxd5 Bxd5 18. Nb6 Rxa2 19. Rxa2 Bxa2 20. Nd7 Re8 21. Bb6 Qa8 22. c4 Bg5 23. Rg4 Bb3 24. Qf1 Qc8 25. Qf5 h6 26. Bd3 g6 27. Rxg5 hxg5 28. Nf6+ Kg7 29. Nxe8+ Qxe8 30. Qf2 Qe5 31. Be3 Qa1+ 32. Qf1 Qxf1+ 33. Kxf1 f6 34. Ke1 Ne5 35. Be4 Nxc4 36. Bd4 Nd6 37. Bf3 b5 38. Kd2 Bc4 39. Kc3 Kf7 40. Kb4 Ke6 41. Kc5 f5 42. Be3 g4 43. Bc6 Nf7 44. Bb7 Nd8 45. Ba8 Kd7 46. Kd4 Ne6+ 47. Ke5 b4 48. Kf6 Nc7 49. Kxg6 Bd3 50. Bb7 0-1

[Event "MK Cafe Cup-A"]
[Site "Koszalin"]
[Date "1998.08.06"]
[Round "4"]
[White "Czerwonski, Aleksander"]
[Black "Dabrowska, Krystyna"]
[Result "1-0"]
[WhiteElo "2390"]
[BlackElo "2300"]
[PlyCount "33"]
[EventDate "1998.08.03"]
[EventType "swiss"]
[EventRounds "10"]
[EventCountry "POL"]
[SourceTitle "CBM 065 Extra"]
[Source "ChessBase"]
[SourceDate "1998.09.09"]
[SourceVersion "1"]
[SourceVersionDate "1998.09.09"]
[SourceQuality "1"]

1. d4 Nf6 2. c4 e6 3. Nf3 b6 4. g3 Bb7 5. Bd2 Be7 6. Nc3 0-0 7. Qc2 c5 8. d5 exd5 9. Ng5 g6 10. h4 d6 11. h5 Nc6 12. Nxh7 Nxh7 13. hxg6 Nf6 14. g7 Re8 15. Qf5 Ne5 16. Qh3 Ng6 17. Qh8+ 1-0

[Event "MK Cafe Cup-A"]
[Site "Koszalin"]
[Date "1998.08.05"]
[Round "3"]
[White "Prasad, Devaki V"]
[Black "Dabrowska, Krystyna"]
[Result "1-0"]
[WhiteElo "2405"]
[BlackElo "2300"]
[PlyCount "62"]
[EventDate "1998.08.03"]
[EventType "swiss"]
[EventRounds "10"]
[EventCountry "POL"]
[SourceTitle "CBM 065 Extra"]
[Source "ChessBase"]
[SourceDate "1998.09.09"]
[SourceVersion "1"]
[SourceVersionDate "1998.09.09"]
[SourceQuality "1"]

1. e4 e5 2. Nf3 Nc6 3. Bb5 g6 4. d4 exd4 5. Bg5 Be7 6. Bxe7 Ngxe7 7. Nxd4 0-0 8. Nc3 a6 9. Bxc6 bxc6 10. 0-0 c5 11. Nb3 d6 12. Qd2 Rb8 13. Rad1 Be6 14. f4 f6 15. f5 Bc4 16. Rf3 Kg7 17. Na5 Bb5 18. fxg6 hxg6 19. Rg3 Nc6 20. Nd5 Ne5 21. b3 Rh8 22. a4 Bd7 23. Rf1 Rf8 24. Nf4 Kh7 25. Qe2 Qe8 26. Nc4 g5 27. Nd5 Qd8 28. Qh5+ Kg7 29. Nxe5 dxe5 30. Nxf6 Rxf6 31. Qxg5+ Kf7 1-0

[Event "POL-ch (Women)"]
[Site "Sopot"]
[Date "1998.??.??"]
[Round "?"]
[White "Dabrowska, Krystyna"]
[Black "Kucypera, Anna"]
[Result "1-0"]
[WhiteElo "2330"]
[BlackElo "2140"]
[PlyCount "111"]
[EventDate "1998.??.??"]
[EventType "tourn"]
[EventRounds "13"]
[EventCountry "POL"]
[SourceTitle "EXT 2000"]
[Source "ChessBase"]
[SourceDate "1999.11.16"]
[SourceVersion "1"]
[SourceVersionDate "1999.11.16"]
[SourceQuality "1"]

1. e4 c5 2. Nf3 d6 3. d4 cxd4 4. Nxd4 Nf6 5. Nc3 g6 6. g3 Nc6 7. Bg2 Bd7 8. Nde2 Bg7 9. h3 0-0 10. 0-0 Rb8 11. Nd5 b5 12. c3 Ne5 13. Nef4 a5 14. Qe2 Bc6 15. Re1 Re8 16. Be3 Nc4 17. Rad1 Nxe3 18. Qxe3 Nxd5 19. Nxd5 b4 20. Bf1 bxc3 21. bxc3 Rb2 22. Bc4 Qc8 23. Bb3 Bxd5 24. Rxd5 Qxc3 25. Qxc3 Bxc3 26. Rc1 Bb4 27. Rb5 Kf8 28. Kf1 Bd2 29. Rc7 Ra8 30. Rbb7 Bg5 31. f4 Bf6 32. e5 dxe5 33. fxe5 Rxb3 34. axb3 Bxe5 35. Rxe7 f6 36. Rf7+ Kg8 37. Rg7+ Kf8 38. Rxh7 f5 39. Rhd7 Ke8 40. Kg2 Kf8 41. Rb6 a4 42. bxa4 Rxa4 43. Rxg6 Ra2+ 44. Kf3 Ra3+ 45. Kf2 Ra2+ 46. Ke3 Ra3+ 47. Rd3 f4+ 48. gxf4 Bxf4+ 49. Ke4 Rxd3 50. Kxd3 Be5 51. Ke4 Bg7 52. Kf5 Kg8 53. Rb6 Kf7 54. Kg5 Bf8 55. Rb7+ Kg8 56. h4 1-0

[Event "POL-ch (Women)"]
[Site "Sopot"]
[Date "1998.??.??"]
[Round "?"]
[White "Lukasiewicz, Anna"]
[Black "Dabrowska, Krystyna"]
[Result "0-1"]
[WhiteElo "2150"]
[BlackElo "2330"]
[PlyCount "70"]
[EventDate "1998.??.??"]
[EventType "tourn"]
[EventRounds "13"]
[EventCountry "POL"]
[SourceTitle "EXT 2000"]
[Source "ChessBase"]
[SourceDate "1999.11.16"]
[SourceVersion "1"]
[SourceVersionDate "1999.11.16"]
[SourceQuality "1"]

1. e4 e5 2. Nf3 Nc6 3. Bc4 Nf6 4. d3 h6 5. 0-0 d6 6. Nc3 g6 7. d4 Bg4 8. dxe5 Nxe5 9. Be2 Bxf3 10. Bxf3 Nxf3+ 11. Qxf3 Bg7 12. Be3 0-0 13. Rad1 Re8 14. Bc1 Re6 15. Qd3 Qe8 16. Nb5 Qe7 17. f3 Re5 18. Bf4 Rc5 19. b4 Rc6 20. c4 Nh5 21. Be3 a5 22. g4 Nf6 23. Nd4 axb4 24. Nxc6 bxc6 25. Qd2 Nd7 26. Qxb4 Rxa2 27. Rd2 c5 28. Qb7 Ra3 29. Qxc7 Rxe3 30. Rxd6 Bd4 31. Rxd7 Rxf3+ 32. Kg2 Qxe4 33. Qd8+ Kg7 34. Rxf3 Qe2+ 35. Kg3 Be5+ 0-1

[Event "Warsaw-ch"]
[Site "Warsaw"]
[Date "1997.??.??"]
[Round "1"]
[White "Dabrowska, Krystyna"]
[Black "Bogocki, Cezary"]
[Result "1-0"]
[WhiteElo "2250"]
[BlackElo "2060"]
[PlyCount "55"]
[EventDate "1997.??.??"]
[EventType "swiss"]
[EventRounds "9"]
[EventCountry "POL"]
[SourceTitle "EXT 2000"]
[Source "ChessBase"]
[SourceDate "1999.11.16"]
[SourceVersion "1"]
[SourceVersionDate "1999.11.16"]
[SourceQuality "1"]

1. e4 e5 2. Nc3 Nf6 3. f4 d5 4. fxe5 Nxe4 5. Nf3 Be7 6. Qe2 Nxc3 7. dxc3 0-0 8. Bf4 c5 9. 0-0-0 Nc6 10. Qf2 Bf5 11. Kb1 Rc8 12. Qg3 Kh8 13. Bd3 Bxd3 14. Rxd3 f6 15. exf6 Rxf6 16. Rhd1 d4 17. cxd4 Nb4 18. Rb3 c4 19. Rxb4 Bxb4 20. Bg5 c3 21. Bxf6 Qxf6 22. d5 Qb6 23. b3 Qa5 24. Ne5 Rd8 25. a4 Kg8 26. Qg4 Re8 27. Nc4 Qa6 28. d6 1-0

[Event "Svetlogorsk op (Women)"]
[Site "Svetlogorsk"]
[Date "1997.??.??"]
[Round "4"]
[White "Dabrowska, Krystyna"]
[Black "Fatalibekova, Elena"]
[Result "1-0"]
[WhiteElo "2250"]
[BlackElo "2305"]
[PlyCount "65"]
[EventDate "1997.??.??"]
[EventType "swiss"]
[EventRounds "9"]
[EventCountry "RUS"]
[SourceTitle "EXT 1998"]
[Source "ChessBase"]
[SourceDate "1997.11.17"]
[SourceVersion "1"]
[SourceVersionDate "1997.11.17"]
[SourceQuality "1"]

1. e4 c5 2. Nf3 Nc6 3. d4 cxd4 4. Nxd4 g6 5. g3 Bg7 6. Ne2 Nf6 7. Bg2 0-0 8. Nbc3 d6 9. 0-0 Be6 10. Nd5 Rc8 11. Bg5 Bxd5 12. exd5 Ne5 13. a4 Qc7 14. Rc1 Qd7 15. b3 Qf5 16. f4 Neg4 17. Nd4 Qd7 18. Qd3 Qc7 19. Rcd1 Qc5 20. c4 Nd7 21. h3 Bxd4+ 22. Qxd4 Ne3 23. Qxc5 Nxc5 24. Bxe7 Rfe8 25. Bxd6 Nxd1 26. Bxc5 Ne3 27. Bxa7 Nxf1 28. Kxf1 Re7 29. d6 Rd7 30. c5 b5 31. Bb6 bxa4 32. bxa4 Re8 33. Bc6 1-0

[Event "Warsaw-ch"]
[Site "Warsaw"]
[Date "1997.??.??"]
[Round "9"]
[White "Dabrowska, Krystyna"]
[Black "Shishkin, Vadim"]
[Result "0-1"]
[WhiteElo "2250"]
[BlackElo "2425"]
[PlyCount "84"]
[EventDate "1997.??.??"]
[EventType "swiss"]
[EventRounds "9"]
[EventCountry "POL"]
[SourceTitle "EXT 2000"]
[Source "ChessBase"]
[SourceDate "1999.11.16"]
[SourceVersion "1"]
[SourceVersionDate "1999.11.16"]
[SourceQuality "1"]

1. e4 c5 2. Nf3 Nc6 3. d4 cxd4 4. Nxd4 Nf6 5. Nc3 d6 6. g3 g6 7. Bg2 Bd7 8. h3 Bg7 9. Nde2 Qc8 10. Be3 h5 11. Qd2 Rb8 12. a4 b6 13. Rd1 0-0 14. Nd5 Re8 15. b3 b5 16. axb5 Rxb5 17. Nec3 Rb7 18. h4 Ng4 19. 0-0 e6 20. Nf4 Nxe3 21. Qxe3 Nb4 22. e5 d5 23. Rd2 Nc6 24. Nce2 Nxe5 25. c4 dxc4 26. Bxb7 Qxb7 27. Nd4 cxb3 28. Rb2 Nc4 29. Rxb3 Nxe3 30. Rxb7 Bc8 31. Rxa7 Bxd4 32. Ra4 Nxf1 33. Rxd4 e5 34. Re4 Nd2 35. Re2 Nf3+ 36. Kg2 Nd4 37. Re1 Bb7+ 38. Kh3 Kg7 39. Nd3 f6 40. f4 e4 41. Nc5 Bc8+ 42. Kg2 e3 0-1

[Event "POL-ch (Women)"]
[Site "Cisna"]
[Date "1997.??.??"]
[Round "?"]
[White "Dabrowska, Krystyna"]
[Black "Szczygiel, Agnieszka"]
[Result "1-0"]
[WhiteElo "2250"]
[BlackElo "2085"]
[PlyCount "83"]
[EventDate "1997.??.??"]
[EventType "tourn"]
[EventRounds "12"]
[EventCountry "POL"]
[SourceTitle "EXT 2003"]
[Source "ChessBase"]
[SourceDate "2002.11.25"]
[SourceVersion "1"]
[SourceVersionDate "2002.11.25"]
[SourceQuality "1"]

1. e4 e6 2. d4 d5 3. e5 c5 4. c3 Nc6 5. Nf3 Bd7 6. Be2 Nge7 7. Na3 cxd4 8. cxd4 Nf5 9. Nc2 Rc8 10. 0-0 Qb6 11. g4 Nfe7 12. b3 f6 13. Bd3 Ng6 14. Re1 Qc7 15. Re2 Be7 16. Nce1 Nb4 17. Bxg6+ hxg6 18. a3 Nc6 19. Qd3 Kf7 20. Ng2 g5 21. Bd2 Rh6 22. h4 Rch8 23. b4 R6h7 24. h5 Rh6 25. Rc1 Qd8 26. Ne3 f5 27. gxf5 Rxh5 28. b5 Na5 29. Ree1 exf5 30. Nxf5 g4 31. e6+ Bxe6 32. Ne5+ Kg8 33. Ng3 Bf5 34. Qc3 b6 35. Nxh5 Rxh5 36. Qc7 Qf8 37. Bxa5 bxa5 38. Qb7 Be4 39. Rxe4 dxe4 40. Rc8 Bd8 41. Qd5+ Kh7 42. Rxd8 1-0

[Event "Warsaw-ch"]
[Site "Warsaw"]
[Date "1997.??.??"]
[Round "6"]
[White "Kowalska, Elzbieta"]
[Black "Dabrowska, Krystyna"]
[Result "0-1"]
[WhiteElo "2015"]
[BlackElo "2250"]
[PlyCount "58"]
[EventDate "1997.??.??"]
[EventType "swiss"]
[EventRounds "9"]
[EventCountry "POL"]
[SourceTitle "EXT 2000"]
[Source "ChessBase"]
[SourceDate "1999.11.16"]
[SourceVersion "1"]
[SourceVersionDate "1999.11.16"]
[SourceQuality "1"]

1. e4 c6 2. d4 d5 3. Nc3 dxe4 4. Nxe4 Nf6 5. Nxf6+ gxf6 6. c3 Bf5 7. Ne2 e6 8. Ng3 Bg6 9. h4 h5 10. Be2 Qa5 11. b4 Qd5 12. 0-0 Nd7 13. c4 Qd6 14. c5 Qc7 15. Nxh5 0-0-0 16. Bf4 e5 17. Bg3 f5 18. a4 f4 19. Bh2 Bxh5 20. Bxh5 Nf6 21. Bg4+ Kb8 22. f3 Rxd4 23. Qe1 Be7 24. g3 Nd5 25. Rb1 Ne3 26. Rf2 f5 27. Bh3 fxg3 28. Bxg3 f4 29. Re2 Rg8 0-1

[Event "Svetlogorsk op (Women)"]
[Site "Svetlogorsk"]
[Date "1997.??.??"]
[Round "6"]
[White "Lagvilava, Genrieta"]
[Black "Dabrowska, Krystyna"]
[Result "1/2-1/2"]
[WhiteElo "2275"]
[BlackElo "2250"]
[PlyCount "66"]
[EventDate "1997.??.??"]
[EventType "swiss"]
[EventRounds "9"]
[EventCountry "RUS"]
[SourceTitle "EXT 1998"]
[Source "ChessBase"]
[SourceDate "1997.11.17"]
[SourceVersion "1"]
[SourceVersionDate "1997.11.17"]
[SourceQuality "1"]

1. e4 e5 2. Nf3 Nc6 3. Bc4 Nf6 4. d3 h6 5. 0-0 d6 6. c3 g6 7. Nbd2 Bg7 8. Bb3 0-0 9. Re1 Nh5 10. Nc4 Kh7 11. Ne3 Nf4 12. d4 exd4 13. cxd4 Qf6 14. e5 dxe5 15. dxe5 Qe7 16. Nd5 Nxd5 17. Qxd5 Nb4 18. Qb5 Rd8 19. Re4 Nd3 20. Be3 c6 21. Qa5 b6 22. Bxb6 axb6 23. Qxa8 Bf5 24. Qxc6 Bxe4 25. Qxe4 Nxe5 26. Nxe5 Qxe5 27. Qxe5 Bxe5 28. Bxf7 Bxb2 29. Rf1 Bd4 30. g3 Bc5 31. Kg2 Rd2 32. g4 Kg7 33. Bb3 g5 1/2-1/2

[Event "Polanica Zdroj op"]
[Site "Polanica Zdroj"]
[Date "1996.??.??"]
[Round "5"]
[White "Mednikova, Svetlana"]
[Black "Dabrowska, Krystyna"]
[Result "1-0"]
[WhiteElo "2150"]
[BlackElo "2255"]
[PlyCount "33"]
[EventDate "1996.??.??"]
[EventType "swiss"]
[EventRounds "10"]
[EventCountry "POL"]
[SourceTitle "EXT 1998"]
[Source "ChessBase"]
[SourceDate "1997.11.17"]
[SourceVersion "1"]
[SourceVersionDate "1997.11.17"]
[SourceQuality "1"]

1. e4 c6 2. d3 d5 3. Nd2 e5 4. Ngf3 Bd6 5. g3 Ne7 6. Bg2 0-0 7. 0-0 Nd7 8. Re1 Qc7 9. d4 exd4 10. Nxd4 Nf6 11. exd5 Nexd5 12. c4 Ne7 13. N2b3 Bg4 14. f3 Bh5 15. Bg5 Be5 16. Rxe5 Qxe5 17. Bf4 1-0